000 00294nam a2200097Ia 4500
008 220204s9999 xx 000 0 und d
245 2 _aA symposium in memory of Fraser P Price
260 _aNew York
_bJohn Wiley
_c1977
490 _aJournal of Polymer Science: Polymer Symposium No.63
942 _cBK
999 _c43742
_d43742